The ability of nonglycolyzable sugars to maintain stallion sperm viability when frozen or stored at 37 C or 5 C in a bovine serum albumin medium /

Bibliographic Details
Main Author: Arns, Mark Joseph, 1959-
Format: Thesis eBook
Language:English
Published: [Place of publication not identified] : [publisher not identified] ; 1986.
Subjects:
Online Access:Link to OAKTrust copy

MARC

Tag First Indicator Second Indicator Subfields
LEADER 00000cam a2200000 a 4500
001 in00000015103
005 20220103114348.0
007 cr unu a
008 880606s1986 xx b 00010 eng d
035 |9 AAA9913AM 
035 |a (OCoLC)18040548 
040 |a TXA  |c TXA  |d UtOrBLW 
049 |a TXAZ [Also in] [Archives]  |c 1 [A10944601], 2 [A10944651] 
099 |a 1986  |a Thesis  |a A767 
100 1 |a Arns, Mark Joseph,  |d 1959- 
245 1 4 |a The ability of nonglycolyzable sugars to maintain stallion sperm viability when frozen or stored at 37 C or 5 C in a bovine serum albumin medium /  |c by Mark Joseph Arns. 
264 1 |a [Place of publication not identified] :  |b [publisher not identified] ;  |c 1986. 
300 |a x, 86 leaves ;  |c 29 cm. 
336 |a text  |b txt  |2 rdacontent 
337 |a computer  |b c  |2 rdamedia 
338 |a online resource  |b cr  |2 rdacarrier 
500 |a "Major subject: Physiology of Reproduction." 
500 |a Typescript (photocopy). 
500 |a Vita. 
502 |b M.S.  |c Texas A&M University  |d 1986. 
504 |a Bibliography: leaves 49-55. 
530 |a Also available online. 
650 0 |a Frozen semen. 
650 0 |a Spermatozoa  |x Preservation. 
650 4 |a Major physiology of reproduction. 
856 4 1 |u https://hdl.handle.net/1969.1/ETD-TAMU-1986-THESIS-A767  |z Link to OAKTrust copy  |t 0 
999 |a MARS 
999 f f |s ec7c02ba-1083-3bec-a6a0-1db2e671e285  |i 2665b2e7-237c-34bc-87f6-dadbaca03300  |t 0 
952 f f |p noncirc  |a Texas A&M University  |b J.J. Pickle Campus  |c High Density Repository  |s HDR  |d Remote Storage  |t 0  |e 1986 Thesis A767  |h Other scheme  |i computer -- online resource  |m A14839625834 
952 f f |a Texas A&M University  |b College Station  |c Electronic Resources  |s www_evans  |d Available Online  |t 0  |e 1986 Thesis A767  |h Other scheme 
998 f f |a 1986 Thesis A767  |t 0  |l Remote Storage 
998 f f |a 1986 Thesis A767  |t 0  |l Available Online